书目信息 |
| 题名: |
物理化学学习指导
|
|
| 作者: | 袁爱华 , 罗士平 主编 | |
| 分册: | ||
| 出版信息: | 苏州 苏州大学出版社 2002 |
|
| 页数: | 492页 | |
| 开本: | 21cm | |
| 丛书名: | ||
| 单 册: | ||
| 中图分类: | O64 | |
| 科图分类: | ||
| 主题词: | 物理化学--wu li hua xue--高等教育--教学参考资料 , 物理化学--wu li hua xue | |
| 电子资源: | ||
| ISBN: | 7-81090-009-9 | |
| 000 | 00933nam0 2200253 45 | |
| 001 | 012003023068 | |
| 005 | 20061225161832.67 | |
| 010 | @a7-81090-009-9@dCNY22.00 | |
| 100 | @a20030421d2002 em y0chiy0121 ea | |
| 101 | 0 | @achi |
| 102 | @aCN@b320000 | |
| 105 | @ay z 000yy | |
| 200 | 1 | @a物理化学学习指导@Awu li hua xue xue xi zhi dao@f袁爱华, 罗士平主编 |
| 210 | @a苏州@c苏州大学出版社@d2002 | |
| 215 | @a492页@d21cm | |
| 300 | @a21世纪高等教育教学参考书 | |
| 330 | @a本书是化学化工类、材料类、生物技术类等专业的一门重要的基础课。全书内容编写突出基本概念、基本公式和基本计算, 并通过一定的试题训练加以巩固深化, 以培养学生运用基本理论和知识分析问题、解决问题的能力。 | |
| 606 | 0 | @a物理化学@Awu li hua xue@x高等教育@j教学参考资料 |
| 606 | 0 | @a物理化学@Awu li hua xue |
| 690 | @aO64@v4 | |
| 701 | 0 | @a袁爱华@Ayuan ai hua@4主编 |
| 701 | 0 | @a罗士平@Aluo shi ping@4主编 |
| 801 | 0 | @aCN@c20061225 |
| 905 | @a10447@dO64@eY880 | |
| 物理化学学习指导/袁爱华, 罗士平主编.-苏州:苏州大学出版社,2002 |
| 492页;21cm |
| 21世纪高等教育教学参考书 |
| ISBN 7-81090-009-9:CNY22.00 |
| 本书是化学化工类、材料类、生物技术类等专业的一门重要的基础课。全书内容编写突出基本概念、基本公式和基本计算, 并通过一定的试题训练加以巩固深化, 以培养学生运用基本理论和知识分析问题、解决问题的能力。 |
| ● |
| 相关链接 |
|
|
|
正题名:物理化学学习指导
索取号:O64/Y880
 
预约/预借
| 序号 | 登录号 | 条形码 | 馆藏地/架位号 | 状态 | 备注 |
| 1 | 641448 | 206414487 | 自科库401/401自科库 64排1列3层/ [索取号:O64/Y880] | 在馆 | |
| 2 | 641449 | 206414496 | 自科库401/401自科库 64排1列3层/ [索取号:O64/Y880] | 在馆 |